|
|
|
|
| LEADER |
00000nas a2200000 a 4500 |
| 001 |
ssj0015508 |
| 003 |
WaSeSS |
| 005 |
20200512172242.0 |
| 006 |
m d |
| 007 |
cr n |
| 008 |
870518c198u9999caumr p s 0 a0eng c |
| 010 |
|
|
|a 87655723
|z sn 87001366
|
| 022 |
|
|
|l 0893-8989
|y 0893-8989
|
| 032 |
|
|
|a 683250
|b USPS
|
| 035 |
|
|
|a (WaSeSS)ssj0015508
|
| 037 |
|
|
|b Police Magazine, P.O. Box 847, Carlsbad, CA 92008-0151
|
| 040 |
|
|
|a NSD
|b eng
|c NSD
|d DLC
|d NST
|d OCLCQ
|d OCLCF
|d OCLCO
|d GILDS
|d OCLCO
|d WaSeSS
|
| 042 |
|
|
|a nsdp
|a pcc
|
| 050 |
0 |
0 |
|a HV7936.E7
|b P64
|
| 082 |
0 |
0 |
|a 363.2/3/028
|2 19
|
| 130 |
0 |
|
|a Police (Carlsbad, Calif.)
|
| 222 |
|
0 |
|a Police
|b (Carlsbad, Calif.)
|
| 245 |
1 |
0 |
|a Police
|h [electronic resource].
|
| 246 |
1 |
7 |
|a Police product news
|
| 260 |
|
|
|a [Carlsbad, CA :
|b Hare Publications]
|
| 310 |
|
|
|a Monthly
|
| 506 |
|
|
|a License restrictions may limit access.
|
| 521 |
8 |
|
|a "The law officer's magazine."
|
| 588 |
|
|
|a Description based on: Vol. 10, no. 12 (Dec. 1986); title from cover.
|
| 588 |
|
|
|a Latest issue consulted: Vol. 11, no. 5 (May 1987).
|
| 650 |
|
0 |
|a Police
|x Equipment and supplies
|v Periodicals.
|
| 650 |
|
0 |
|a Police
|v Periodicals.
|
| 650 |
|
7 |
|a Police.
|2 fast
|0 (OCoLC)fst01068398
|
| 650 |
|
7 |
|a Police
|x Equipment and supplies.
|2 fast
|0 (OCoLC)fst01068438
|
| 655 |
|
0 |
|a Electronic journals.
|
| 780 |
0 |
0 |
|t Police product news
|x 0164-5196
|w (DLC) 79643024
|w (OCoLC)4586672
|
| 850 |
|
|
|a CSt-H
|a DLC
|a OCU
|
| 856 |
4 |
0 |
|z Full text available from Research Library: 05/01/1998 to 07/31/2000
|u https://search.proquest.com/publication/38163
|